000 00583nam a22001937a 4500
003 OSt
005 20140310183010.0
008 130211t xxu||||| |||| 00| 0 eng d
020 _a9789715849142
050 _aRG 951
_b.Sa181 2009
100 _aSalustiano, Rosalinda P.
245 _aDr. RPS introduction to research in the health sciences :
_cSalustiano, Rosalinda Parado
_bteaching & learning research made easy. /
260 _aQuezon City :
_b C & E Pub.,
_c2009.
300 _a197 p. :
_c25 cm.
521 _aNUR
562 _e1
942 _2lcc
_cBK
_kLOC
999 _c18221
_d18221